[Event "Liga Insular Gran Canaria 1b"]
[White "Sanchez Perez, Pedro Javier"]
[Black "Falcon Diaz, Francisco Samuel"]
[Site "Las Palmas"]
[Round "3.2"]
[Result "1/2-1/2"]
[Date "2019.03.16"]
[WhiteElo "1671"]
[BlackElo "1612"]
[PlyCount "98"]
[EventDate "2019.03.02"]
[EventType "team-tourn"]
[EventRounds "7"]
[EventCountry "ESP"]
[SourceTitle "EXT 2021"]
[Source "ChessBase"]
[SourceDate "2020.10.23"]
[SourceVersion "1"]
[SourceVersionDate "2020.10.23"]
[SourceQuality "1"]
[WhiteTeam "Grandama III"]
[BlackTeam "Guia Univac II"]
[WhiteTeamCountry "ESP"]
[BlackTeamCountry "ESP"]

1. d4 e6 2. e4 d5 3. e5 c5 4. c4 dxc4 5. Bxc4 Qxd4 6. Qxd4 cxd4 7. Nf3 Nc6 8. 0-0 Bc5 9. Nbd2 Nge7 10. Ne4 b6 11. a3 Ng6 12. b4 Be7 13. Bb2 Ngxe5 14. Nxe5 Nxe5 15. Bb5+ Bd7 16. Bxd7+ Nxd7 17. Bxd4 0-0 18. Rac1 Rac8 19. f4 f6 20. Ng3 e5 21. Nf5 Kf7 22. fxe5 Rxc1 23. Rxc1 fxe5 24. Rc7 Ke6 25. Nxe7 Kxe7 26. Bxe5 Kd8 27. Bg3 a5 28. bxa5 bxa5 29. Ra7 Rf5 30. Bc7+ Ke7 31. Bxa5 Ke6 32. Bb4 g5 33. Ra6+ Kf7 34. g3 g4 35. Kg2 Ne5 36. Ra5 Ke6 37. Bc3 Nc6 38. Rxf5 Kxf5 39. h4 h5 40. a4 Nb8 41. Kf1 Ke4 42. Ke2 Na6 43. a5 Nc5 44. Bb4 Na6 45. Bd6 Kd5 46. Bf4 Ke4 47. Be3 Nc7 48. Ba7 Na6 49. Bb6 Nb8 1/2-1/2

[Event "Canarias-chT"]
[White "Sanchez Perez, Pedro Javier"]
[Black "Perez Bolanos, David"]
[Site "Vecindario"]
[Round "1.3"]
[Result "0-1"]
[Date "2018.05.31"]
[WhiteElo "1694"]
[BlackElo "1580"]
[PlyCount "80"]
[EventDate "2018.05.31"]
[EventType "team-swiss"]
[EventRounds "6"]
[EventCountry "ESP"]
[SourceTitle "EXT 2019"]
[Source "ChessBase"]
[SourceDate "2018.10.10"]
[SourceVersion "1"]
[SourceVersionDate "2018.10.10"]
[SourceQuality "1"]
[WhiteTeam "Grandama Santa Lucia II"]
[BlackTeam "Sociedad La Montana II"]
[WhiteTeamCountry "ESP"]
[BlackTeamCountry "ESP"]

1. e4 e5 2. Bc4 Nf6 3. Nf3 Nc6 4. Ng5 d5 5. exd5 Na5 6. Bb5+ Bd7 7. Bxd7+ Qxd7 8. Qf3 Nxd5 9. d3 h6 10. Ne4 Be7 11. Nbc3 Nxc3 12. Nxc3 Nc6 13. Be3 Bb4 14. 0-0 0-0 15. Nd5 Be7 16. c3 f5 17. Nxe7+ Qxe7 18. Qd5+ Qf7 19. Qxf7+ Rxf7 20. f4 Rd8 21. Rad1 Rfd7 22. fxe5 Rxd3 23. Rxd3 Rxd3 24. Bc5 b6 25. Ba3 Nxe5 26. Rxf5 Nc4 27. Rf8+ Kh7 28. Rf3 Rxf3 29. gxf3 Nxa3 30. bxa3 Kg6 31. Kf2 Kf5 32. Ke3 Ke5 33. c4 c5 34. a4 g5 35. h3 h5 36. a3 a5 37. Kd3 Kf4 38. Ke2 Kg3 39. Ke3 Kxh3 40. f4 g4 0-1

[Event "Las Palmas Insular-chT Segunda 1718"]
[White "Sanchez Gonzalez, Jesus German"]
[Black "Sanchez Perez, Pedro Javier"]
[Site "Las Palmas"]
[Round "8.4"]
[Result "1/2-1/2"]
[Date "2018.02.24"]
[WhiteElo "1625"]
[BlackElo "1715"]
[PlyCount "69"]
[EventDate "2017.10.28"]
[EventType "team-swiss"]
[EventRounds "9"]
[EventCountry "ESP"]
[SourceTitle "EXT 2021"]
[Source "ChessBase"]
[SourceDate "2020.10.23"]
[SourceVersion "1"]
[SourceVersionDate "2020.10.23"]
[SourceQuality "1"]
[WhiteTeam "Hotel Avda de Canarias III"]
[BlackTeam "Grandama III"]
[WhiteTeamCountry "ESP"]
[BlackTeamCountry "ESP"]

1. c4 Nf6 2. Nc3 e5 3. g3 Nc6 4. Bg2 Bc5 5. Nf3 d6 6. 0-0 Be6 7. d3 Qd7 8. a3 Bh3 9. Na4 Bxg2 10. Kxg2 a6 11. Nxc5 dxc5 12. Be3 b6 13. h3 h6 14. Qc2 Nd4 15. Nxd4 cxd4 16. Bd2 0-0 17. Rae1 c5 18. f4 Qc6+ 19. Kh2 e4 20. dxe4 Nxe4 21. e3 Rad8 22. exd4 Rxd4 23. Be3 Rd7 24. f5 Rfd8 25. Re2 Rd3 26. Bf4 Ng5 27. Bxg5 hxg5 28. Rff2 Qd6 29. Rg2 g4 30. hxg4 Qh6+ 31. Kg1 Rd1+ 32. Kf2 Qh1 33. Kf3 R1d3+ 34. Kf2 Rd1 35. Kf3 1/2-1/2

[Event "Las Palmas Insular-chT Segunda-B 1617"]
[White "Fernandez de la Hoz A, Carlos"]
[Black "Sanchez Perez, Pedro Javier"]
[Site "Las Palmas"]
[Round "10.2"]
[Result "1/2-1/2"]
[Date "2017.02.04"]
[WhiteElo "1686"]
[BlackElo "1731"]
[PlyCount "65"]
[EventDate "2016.10.22"]
[EventType "team-tourn"]
[EventRounds "14"]
[EventCountry "ESP"]
[SourceTitle "EXT 2018"]
[Source "ChessBase"]
[SourceDate "2017.10.13"]
[SourceVersion "1"]
[SourceVersionDate "2017.10.13"]
[SourceQuality "1"]
[WhiteTeam "Mogan"]
[BlackTeam "Grandama III"]
[WhiteTeamCountry "ESP"]
[BlackTeamCountry "ESP"]

1. d4 Nf6 2. Nf3 d5 3. e3 e6 4. Bd3 Nc6 5. c3 Bd6 6. Nbd2 h6 7. Qe2 e5 8. dxe5 Nxe5 9. Nxe5 Bxe5 10. h3 0-0 11. Nf3 Re8 12. 0-0 c5 13. Nxe5 Rxe5 14. c4 d4 15. Qc2 b6 16. exd4 Qxd4 17. Be3 Qh4 18. Qc3 Rh5 19. f4 Bxh3 20. Bf2 Qg4 21. Bg3 Kf8 22. Rf3 Re8 23. Qd2 Ne4 24. Bxe4 Rxe4 25. Raf1 Qd7 26. Rd3 Rd4 27. Rxd4 cxd4 28. gxh3 Rxh3 29. Qg2 Rh5 30. Qa8+ Ke7 31. Re1+ Kf6 32. Qf3 Rf5 33. Rf1 1/2-1/2

[Event "Las Palmas Insular-chT Segunda-B 1617"]
[White "Sanchez Perez, Pedro Javier"]
[Black "Antonini, Roberto"]
[Site "Las Palmas"]
[Round "5.2"]
[Result "0-1"]
[Date "2016.11.19"]
[WhiteElo "1731"]
[BlackElo "1565"]
[PlyCount "131"]
[EventDate "2016.10.22"]
[EventType "team-tourn"]
[EventRounds "14"]
[EventCountry "ESP"]
[SourceTitle "EXT 2018"]
[Source "ChessBase"]
[SourceDate "2017.10.13"]
[SourceVersion "1"]
[SourceVersionDate "2017.10.13"]
[SourceQuality "1"]
[WhiteTeam "Grandama III"]
[BlackTeam "Hotel Avda de Canarias V"]
[WhiteTeamCountry "ESP"]
[BlackTeamCountry "ESP"]

1. e4 e5 2. Bc4 Nf6 3. d3 Bc5 4. Bg5 0-0 5. Nf3 Re8 6. c3 c6 7. Qb3 d5 8. exd5 e4 9. Nd4 exd3+ 10. Kd2 Ne4+ 11. Kxd3 Nxf2+ 12. Kc2 Qxg5 13. dxc6 Qg6+ 14. Kc1 Nxc6 15. Bxf7+ Qxf7 16. Qxf7+ Kxf7 17. Rf1 Bxd4 18. cxd4 Nxd4 19. Rxf2+ Kg6 20. Kd2 Bf5 21. Na3 Rad8 22. Kc3 Ne2+ 23. Kb4 Re4+ 24. Nc4 Nf4 25. Rf3 a5+ 26. Kb3 a4+ 27. Kb4 Rdd4 28. b3 axb3 29. axb3 h5 30. g3 Nd5+ 31. Kc5 Bg4 32. Rf2 Rd3 33. Ra7 b5 34. Kxb5 Rxb3+ 35. Kc5 Nf6 36. Nd2 Rc3+ 37. Kb5 Re5+ 38. Kb4 Nd5+ 39. Ka4 Rd3 40. Kb5 Ne3+ 41. Kb4 Nd1 42. Nc4 Re4 43. Rff7 Be6 44. Rxg7+ Kf6 45. Rgc7 Ne3 46. Rc5 Nxc4 47. Rxh5 Nd6+ 48. Kc5 Re5+ 49. Rxe5 Kxe5 50. Rh7 Ne4+ 51. Kb6 Nf6 52. Rh6 Kf5 53. Rh8 Rd2 54. h3 Kg6 55. g4 Kg7 56. Ra8 Rd3 57. g5 Nd5+ 58. Kc5 Rxh3 59. Kd6 Bf7 60. Ra7 Nf4 61. Ke5 Ne6 62. Kf5 Rh5 63. Ke5 Rxg5+ 64. Ke4 Kf6 65. Ra6 Rb5 66. Ra3 0-1

[Event "Las Palmas Insular-chT Pref-B"]
[White "Sanchez Gonzalez, Jesus German"]
[Black "Sanchez Perez, Pedro Javier"]
[Site "Las Palmas"]
[Round "8.4"]
[Result "1/2-1/2"]
[Date "2016.01.09"]
[WhiteElo "1519"]
[BlackElo "1919"]
[PlyCount "43"]
[EventDate "2015.10.17"]
[EventType "team-tourn"]
[EventRounds "14"]
[EventCountry "ESP"]
[SourceTitle "CBM 170 Extra"]
[Source "ChessBase"]
[SourceDate "2016.02.25"]
[SourceVersion "1"]
[SourceVersionDate "2016.02.25"]
[SourceQuality "1"]
[WhiteTeam "Hotel Avda de Canarias II"]
[BlackTeam "Video Vigilancias Canarias"]
[WhiteTeamCountry "ESP"]
[BlackTeamCountry "ESP"]

1. d4 Nf6 2. c4 e5 3. dxe5 Ng4 4. Nf3 d6 5. Bf4 Nc6 6. exd6 Bxd6 7. Bxd6 cxd6 8. g3 Qb6 9. e3 Qxb2 10. Nbd2 0-0 11. Bg2 Rb8 12. 0-0 Nge5 13. Qb3 Nxf3+ 14. Nxf3 Qf6 15. Rfd1 Ne5 16. Nxe5 dxe5 17. Qa3 a6 18. Rab1 Rd8 19. Qc5 Rxd1+ 20. Rxd1 Be6 21. Qd6 Rf8 22. Bxb7 1/2-1/2

[Event "Las Palmas Insular-chT Pref-A"]
[White "Amador Garcia, Ismael"]
[Black "Sanchez Perez, Pedro Javier"]
[Site "Las Palmas"]
[Round "14.4"]
[Result "1/2-1/2"]
[Date "2015.04.18"]
[WhiteElo "1519"]
[BlackElo "1973"]
[PlyCount "78"]
[EventDate "2014.11.22"]
[EventType "team-tourn"]
[EventRounds "14"]
[EventCountry "ESP"]
[SourceTitle "EXT 2018"]
[Source "ChessBase"]
[SourceDate "2017.10.13"]
[SourceVersion "1"]
[SourceVersionDate "2017.10.13"]
[SourceQuality "1"]
[WhiteTeam "Dominicas"]
[BlackTeam "La Bagacera"]
[WhiteTeamCountry "ESP"]
[BlackTeamCountry "ESP"]

1. e4 e5 2. Nf3 Nc6 3. Bc4 Bc5 4. c3 d6 5. d4 exd4 6. cxd4 Bb6 7. h3 Bd7 8. 0-0 h6 9. Re1 Qf6 10. e5 dxe5 11. dxe5 Qe7 12. Nc3 0-0-0 13. Qe2 Be6 14. Bxe6+ Qxe6 15. Be3 Nge7 16. Bxb6 axb6 17. Nb5 Rd5 18. Qc4 Qd7 19. Nc3 Na5 20. Qf4 Ng6 21. Qe4 Rc5 22. Rad1 Qc6 23. e6 Qxe6 24. Qd4 Qc4 25. Qxg7 Rf5 26. Qd4 Qxd4 27. Nxd4 Rg5 28. Nf3 Rf5 29. Nd5 Rd8 30. Ne3 Rb5 31. b3 Nc6 32. Ng4 h5 33. Ne3 Rg8 34. g3 f5 35. Rd5 Rxd5 36. Nxd5 h4 37. Nf6 Rf8 38. Re8+ Rxe8 39. Nxe8 hxg3 1/2-1/2

[Event "Las Palmas Insular-chT Pref-A"]
[White "Sanchez Perez, Pedro Javier"]
[Black "Rodriguez Perez, Jose Manuel II"]
[Site "Las Palmas"]
[Round "10.4"]
[Result "1/2-1/2"]
[Date "2015.03.14"]
[WhiteElo "1973"]
[BlackElo "1766"]
[PlyCount "72"]
[EventDate "2014.11.22"]
[EventType "team-tourn"]
[EventRounds "14"]
[EventCountry "ESP"]
[SourceTitle "EXT 2016"]
[Source "ChessBase"]
[SourceDate "2015.10.08"]
[SourceVersion "1"]
[SourceVersionDate "2015.10.08"]
[SourceQuality "1"]
[WhiteTeam "La Bagacera"]
[BlackTeam "Pulido San Mateo"]
[WhiteTeamCountry "ESP"]
[BlackTeamCountry "ESP"]

1. e4 e5 2. Bc4 Nf6 3. Nf3 Nc6 4. d3 Bc5 5. Bg5 h6 6. Bh4 g5 7. Bg3 d6 8. h3 Be6 9. Bb5 Bd7 10. Nc3 Nd4 11. Nxd4 Bxd4 12. Bxd7+ Qxd7 13. Ne2 Bb6 14. c3 0-0-0 15. a4 a6 16. b4 h5 17. c4 h4 18. Bh2 g4 19. Bg1 Rdg8 20. Qc2 gxh3 21. gxh3 Rg2 22. 0-0-0 Bxf2 23. Rf1 Bxg1 24. Rhxg1 Rxg1 25. Nxg1 Nh5 26. b5 a5 27. Qg2 Nf4 28. Qg7 Qe8 29. d4 Rg8 30. Qf6 Rxg1 31. Rxg1 Ne2+ 32. Kd1 Nxg1 33. Qg5 Nxh3 34. Qg4+ Qe6 35. Qxh4 Kd7 36. d5 Qe7 1/2-1/2